A History of Pakistan and its Origin (Record no. 322014)

000 -LEADER
fixed length control field 00320 a2200121 4500
001 - CONTROL NUMBER
control field 86941
003 - CONTROL NUMBER IDENTIFIER
control field NUST
005 - DATE AND TIME OF LATEST TRANSACTION
control field 20180124095235.0
008 - FIXED-LENGTH DATA ELEMENTS--GENERAL INFORMATION
fixed length control field 180124b xxu||||| |||| 00| 0 eng d
082 ## - DEWEY DECIMAL CLASSIFICATION NUMBER
Classification number 954.91 JAF
100 ## - MAIN ENTRY--PERSONAL NAME
Personal name Jaffrelot, Beaumont Gillian
9 (RLIN) 9648
245 ## - TITLE STATEMENT
Title A History of Pakistan and its Origin
Medium English
260 ## - PUBLICATION, DISTRIBUTION, ETC.
Place of publication, distribution, etc. London
Name of publisher, distributor, etc. Anthem Press
Date of publication, distribution, etc. 2008
300 ## - PHYSICAL DESCRIPTION
Extent xiii, 342p.
942 ## - ADDED ENTRY ELEMENTS (KOHA)
Institution code [OBSOLETE] CAE NUST
Koha item type Book
Call number prefix 954.91 JAF
Source of classification or shelving scheme
Holdings
Withdrawn status Lost status Damaged status Not for loan Collection code Permanent Location Current Location Date acquired Total Checkouts Full call number Barcode Date last seen Price effective from Koha item type
          College of Aeronautical Engineering (CAE) College of Aeronautical Engineering (CAE) 04/03/2017   954.91 JAF CAE85905 04/05/2017 04/05/2017 Book
© 2023 Central Library, National University of Sciences and Technology. All Rights Reserved.